000 00474nam a2200193Ia 4500
005 20240823031825.0
008 240823s9999||||xx |||||||||||||| ||und||
020 _a978-81-203-1601-0
041 _aENGLISH
082 _A537.6 Q2
100 _a"Griffiths,David J"
245 0 _aIntroduction to Electrodynamics
250 _a3rd
260 _c2012
_b"PHI,.New "
_aNew Delhi
500 _aYES
650 _aElectrodynamics
_bElectrical
942 _cBK
999 _c191986
_d191986